[Event "US Open-105"]
[Site "Fort Lauderdale"]
[Date "2004.08.11"]
[Round "5"]
[White "Reznik, Viktor"]
[Black "Onischuk, Alexander"]
[Result "0-1"]
[WhiteElo "2286"]
[BlackElo "2655"]
[PlyCount "100"]
[EventDate "2004.08.07"]
[EventType "swiss"]
[EventRounds "9"]
[EventCountry "USA"]
[SourceTitle "CBM 101 Extra"]
[Source "ChessBase"]
[SourceDate "2004.09.01"]
[SourceVersion "2"]
[SourceVersionDate "2004.09.01"]
[SourceQuality "1"]

1. e4 e5 2. Nf3 Nc6 3. Bb5 a6 4. Ba4 Nf6 5. 0-0 Bc5 6. c3 b5 7. Bb3 d6 8. a4 Bg4 9. Re1 0-0 10. h3 Bxf3 11. Qxf3 Na5 12. Bc2 b4 13. d3 Rb8 14. Nd2 Qd7 15. Qd1 Ba7 16. Nb3 Nxb3 17. Bxb3 Qc6 18. Bc4 bxc3 19. bxc3 Nxe4 20. Rxe4 d5 21. Bxd5 Qxd5 22. Qe2 f6 23. Be3 Bxe3 24. Qxe3 c5 25. Rc4 Rfc8 26. Qe4 Rd8 27. Ra2 h5 28. h4 Rb3 29. Rc2 Rb1+ 30. Kh2 Rd1 31. Rb2 Rxd3 32. Qxd5+ R3xd5 33. Rb7 Kh7 34. Kg3 R8d6 35. Rc7 Rd3+ 36. Kh2 Rd2 37. f4 Re2 38. fxe5 fxe5 39. R4xc5 Rg6 40. R7c6 Rexg2+ 41. Kh1 Rg1+ 42. Kh2 R6g2+ 43. Kh3 Rg4 44. Kh2 R1g2+ 45. Kh1 Re2 46. Rxa6 Rxh4+ 47. Kg1 Rf4 48. Re6 Rxa4 49. Kf1 Rh2 50. Kg1 Rc2 0-1

[Event "Tel Aviv After Holidays IM"]
[Site "Tel Aviv"]
[Date "2003.10.26"]
[Round "7"]
[White "Reznik, Viktor"]
[Black "Eljanov, Vladimir"]
[Result "1/2-1/2"]
[WhiteElo "2296"]
[BlackElo "2419"]
[PlyCount "64"]
[EventDate "2003.10.19"]
[EventType "tourn"]
[EventRounds "9"]
[EventCountry "ISR"]
[EventCategory "1"]
[SourceTitle "EXT 2004"]
[Source "ChessBase"]
[SourceDate "2003.11.25"]
[SourceVersion "1"]
[SourceVersionDate "2003.11.25"]
[SourceQuality "1"]

1. e4 c5 2. Nf3 e6 3. d4 cxd4 4. Nxd4 a6 5. Nc3 Qc7 6. g3 Nc6 7. Bg2 d6 8. 0-0 Bd7 9. Nde2 Nf6 10. h3 b5 11. Be3 Be7 12. g4 b4 13. Na4 Rb8 14. b3 d5 15. exd5 Nxd5 16. Bxd5 exd5 17. Qxd5 Rb5 18. Qg2 h5 19. c4 Re5 20. Bf4 hxg4 21. hxg4 Rh4 22. f3 f5 23. Bg3 fxg4 24. Bxh4 Bxh4 25. Rad1 Ne7 26. Nd4 Qa7 27. c5 Bxa4 28. bxa4 Qxc5 29. Kh1 Rh5 30. fxg4 Bf2+ 31. gxh5 Qxh5+ 32. Qh2 Qd5+ 1/2-1/2

[Event "Tel Aviv Summer"]
[Site "Tel Aviv"]
[Date "2003.07.27"]
[Round "7"]
[White "Deutsch, Eyal"]
[Black "Reznik, Viktor"]
[Result "1/2-1/2"]
[WhiteElo "2348"]
[BlackElo "2299"]
[PlyCount "36"]
[EventDate "2003.07.20"]
[EventType "tourn"]
[EventRounds "11"]
[EventCountry "ISR"]
[EventCategory "4"]
[SourceTitle "CBM 095 Extra"]
[Source "ChessBase"]
[SourceDate "2003.09.04"]
[SourceVersion "1"]
[SourceVersionDate "2003.09.04"]
[SourceQuality "1"]

1. e4 c5 2. Nc3 e6 3. Nf3 a6 4. g3 Nc6 5. Bg2 d6 6. 0-0 Nf6 7. d4 cxd4 8. Nxd4 Qc7 9. Be3 Be7 10. Nxc6 bxc6 11. Na4 Rb8 12. c4 c5 13. b3 0-0 14. Qd3 Bb7 15. Rad1 Rfd8 16. Bf4 Nh5 17. Bc1 Nf6 18. Bf4 Nh5 1/2-1/2

[Event "ISR-chT"]
[Site "Ramat Aviv"]
[Date "2000.03.31"]
[Round "8.5"]
[White "Reznik, Viktor"]
[Black "Vovsha, Eli"]
[Result "0-1"]
[WhiteElo "2296"]
[BlackElo "2346"]
[PlyCount "90"]
[EventDate "2000.01.14"]
[EventType "team"]
[EventRounds "11"]
[EventCountry "ISR"]
[SourceTitle "CBM 077"]
[Source "ChessBase"]
[SourceDate "2000.07.27"]
[SourceVersion "1"]
[SourceVersionDate "2000.07.27"]
[SourceQuality "1"]
[WhiteTeam "Kfar Saba"]
[BlackTeam "Petah Tikva Hapoel"]
[WhiteTeamCountry "ISR"]
[BlackTeamCountry "ISR"]

1. d4 Nf6 2. c4 e6 3. Nf3 Bb4+ 4. Bd2 a5 5. Qc2 0-0 6. g3 d6 7. Bg2 Nbd7 8. 0-0 e5 9. Nc3 exd4 10. Nxd4 Re8 11. b3 Nb6 12. Rad1 Bc5 13. Bg5 h6 14. Bf4 Qe7 15. Nf5 Bxf5 16. Qxf5 c6 17. Bf3 Bb4 18. Qc2 Nbd7 19. Bc1 Nc5 20. Bb2 a4 21. Nxa4 Nxa4 22. bxa4 Bc5 23. e3 Ra7 24. Rd3 Rea8 25. Bd1 Nd7 26. Qe2 Nb6 27. Qg4 Qg5 28. Qe4 Nxa4 29. f4 Qd8 30. Ba1 Bb6 31. Qf5 Nc5 32. Qg4 f6 33. Rd2 Rxa2 34. Rxa2 Rxa2 35. Bf3 Qd7 36. f5 Qe7 37. Bd4 Nd7 38. Kh1 Ne5 39. Qh5 Nxf3 40. Qxf3 Bxd4 41. exd4 Rd2 42. Qg4 h5 43. Qf3 Rxd4 44. Qxh5 Qe4+ 45. Kg1 Rd2 0-1

[Event "ISR-chT"]
[Site "Israel"]
[Date "1999.05.08"]
[Round "11"]
[White "Pitam, Ella"]
[Black "Reznik, Viktor"]
[Result "1-0"]
[WhiteElo "2315"]
[BlackElo "2310"]
[PlyCount "109"]
[EventDate "1999.01.??"]
[EventType "team"]
[EventRounds "11"]
[EventCountry "ISR"]
[SourceTitle "EXT 2000"]
[Source "ChessBase"]
[SourceDate "1999.11.16"]
[SourceVersion "1"]
[SourceVersionDate "1999.11.16"]
[SourceQuality "1"]

1. c4 Nf6 2. Nc3 g6 3. g3 Bg7 4. Bg2 d6 5. Nf3 0-0 6. 0-0 e5 7. d4 Nbd7 8. b3 Re8 9. Bb2 c6 10. dxe5 dxe5 11. Qc2 Qc7 12. Rad1 a5 13. Ba3 Bf8 14. Qc1 Nc5 15. Ng5 Bf5 16. h3 h5 17. Nf3 Rad8 18. Rxd8 Rxd8 19. Qe3 Nfd7 20. Rd1 Re8 21. Bb2 Bg7 22. Nh4 Be6 23. Ne4 Nxe4 24. Qxe4 f5 25. Qc2 Nf8 26. Ba3 Qf7 27. Nf3 e4 28. Ng5 Qf6 29. h4 Nh7 30. Nxe6 Qxe6 31. Rd6 Qf7 32. Qd1 Nf8 33. e3 Bf6 34. Rd2 Bc3 35. Rd8 Be5 36. Bf1 Bc7 37. Rd2 Be5 38. Bd6 Qf6 39. c5 Kh7 40. Bc4 Nd7 41. Be7 Rxe7 42. Rxd7 Kh6 43. Rd8 g5 44. hxg5+ Qxg5 45. Rg8 Rg7 46. Rh8+ Rh7 47. Rxh7+ Kxh7 48. Qd7+ Bg7 49. Be6 h4 50. Bxf5+ Kh6 51. Qe6+ Bf6 52. g4 h3 53. Qf7 Bg7 54. Qg8 h2+ 55. Kh1 1-0

[Event "ISR-chT"]
[Site "Israel"]
[Date "1999.04.09"]
[Round "7"]
[White "Haimovich, Tal"]
[Black "Reznik, Viktor"]
[Result "1-0"]
[WhiteElo "2235"]
[BlackElo "2310"]
[PlyCount "99"]
[EventDate "1999.01.??"]
[EventType "team"]
[EventRounds "11"]
[EventCountry "ISR"]
[SourceTitle "EXT 2000"]
[Source "ChessBase"]
[SourceDate "1999.11.16"]
[SourceVersion "1"]
[SourceVersionDate "1999.11.16"]
[SourceQuality "1"]

1. d4 Nf6 2. c4 g6 3. Nc3 Bg7 4. e4 0-0 5. Nf3 d6 6. h3 Nbd7 7. Bg5 e5 8. d5 a5 9. Be2 Nc5 10. Nd2 h6 11. Be3 Nh7 12. Nb3 Nxb3 13. axb3 f5 14. b4 b6 15. bxa5 Rxa5 16. Rxa5 bxa5 17. Qa4 Ng5 18. h4 Nh7 19. Qxa5 Nf6 20. h5 f4 21. Ba7 Nxh5 22. Bxh5 gxh5 23. f3 h4 24. Bf2 Bf6 25. Nb5 Rf7 26. Na7 Rg7 27. Nxc8 Qxc8 28. Kf1 Qb8 29. b4 Kh7 30. b5 Qg8 31. Rh2 Kh8 32. Bxh4 Bxh4 33. Rxh4 Rxg2 34. Rxh6+ Kg7 35. Rh1 Kf6 36. Qxc7 Rf2+ 37. Ke1 Re2+ 38. Kd1 Rd2+ 39. Kxd2 Qg2+ 40. Kc3 Qxf3+ 41. Kb4 Qxh1 42. Qxd6+ Kg5 43. Qxe5+ Kg4 44. Qg7+ Kf3 45. Qc3+ Kxe4 46. Qc2+ Ke3 47. d6 f3 48. d7 Qh4 49. Qc3+ Ke4 50. Qd2 1-0